000 00544nam a2200229 a 4500
001 0001-1382
003 ELIB.Books
008 160718 2010 eng
020 _a0800628101
035 _a(ELIB.Books)0001-1537
092 _a230
_bLee
100 _aLee, Jung Young.
245 _aMarginality
260 _aMinneapolis
_bFortress Press
_c1995
300 _a208
_c21.5 Cm
650 _aTheology
856 _nKBTS Library
_uKBTS: ELIB
942 _2ddc
_cBK
990 _a1
998 _cbat
_e2016-07-18
999 _c11382
_d11382